书目信息 |
| 题名: |
天灾
|
|
| 作者: | 刘学礼 编著 | |
| 分册: | ||
| 出版信息: | 上海 上海文化出版社 2008.06 |
|
| 页数: | 213页 | |
| 开本: | 23cm | |
| 丛书名: | 人文书房 | |
| 单 册: | ||
| 中图分类: | X43-49 | |
| 科图分类: | ||
| 主题词: | 自然灾害--zi ran zai hai--普及读物 | |
| 电子资源: | ||
| ISBN: | 978-7-80740-303-6 | |
| 000 | 01047nam 2200265 450 | |
| 001 | 012008097806 | |
| 005 | 20080901164313.90 | |
| 010 | @a978-7-80740-303-6@dCNY25.00 | |
| 100 | @a20080901d2008 em y0chiy0120 ea | |
| 101 | 0 | @achi |
| 102 | @aCN@b310000 | |
| 105 | @aa z 000yy | |
| 106 | @ar | |
| 200 | 1 | @a天灾@Atian zai@e威胁人类生存的16大自然灾难@f刘学礼编著@Fliu xue li bian zhu |
| 210 | @a上海@c上海文化出版社@d2008.06 | |
| 215 | @a213页@c图@d23cm | |
| 225 | 2 | @a人文书房@Aren wen shu fang |
| 330 | @a本书针对人类生存构成最严重威胁的16种自然灾难,选取历史上曾给人类带来过惨重灾难的天灾案例,不仅详述灾难发生的前因后果,同时结合相关科学知识,总结出以往人类自然灾难史中的经验教训,有助于我们正确认识和应对可能发生的自然灾难。 | |
| 410 | 0 | @12001 @a人文书房 |
| 517 | 1 | @a威胁人类生存的16大自然灾难@Awei xie ren lei sheng cun de 16 da zi ran zai nan |
| 606 | 0 | @a自然灾害@Azi ran zai hai@j普及读物 |
| 690 | @aX43-49@v4 | |
| 701 | 0 | @a刘学礼@Aliu xue li@4编著 |
| 801 | 0 | @aCN@bQSSK@c20080901 |
| 905 | @b733981-83@dX43-49@eL693@f3 | |
| 天灾:威胁人类生存的16大自然灾难/刘学礼编著.-上海:上海文化出版社,2008.06 |
| 213页:图;23cm.-(人文书房) |
| ISBN 978-7-80740-303-6:CNY25.00 |
| 本书针对人类生存构成最严重威胁的16种自然灾难,选取历史上曾给人类带来过惨重灾难的天灾案例,不仅详述灾难发生的前因后果,同时结合相关科学知识,总结出以往人类自然灾难史中的经验教训,有助于我们正确认识和应对可能发生的自然灾难。 |
| ● |
| 相关链接 |
|
|
|
正题名:天灾
索取号:X43-49/L693
 
预约/预借
| 序号 | 登录号 | 条形码 | 馆藏地/架位号 | 状态 | 备注 |
| 1 | 733981 | 207339815 | 自科库501/501自科库 67排6列5层/ [索取号:X43-49/L693] | 在馆 | |
| 2 | 733982 | 207339824 | 自科库501/501自科库 67排6列5层/ [索取号:X43-49/L693] | 在馆 | |
| 3 | 733983 | 207339833 | 自科库501/501自科库 67排6列5层/ [索取号:X43-49/L693] | 在馆 |